Estrategias pedagógicas para promover el cuidado personal en los niños y niñas del nivel inicial de la Escuela Primaria María Trinidad Sánchez, del Distrito Educativo 12-01 Higüey 2019-2020 / (Record no. 12725)

MARC details
000 -LEADER
campo de control de longitud fija 01129nam a2200241 4500
003 - IDENTIFICADOR DE NÚMERO DE CONTROL
campo de control DO-SdUA
005 - FECHA Y HORA DE LA ÚLTIMA TRANSACCIÓN
campo de control 20250325093537.0
008 - DATOS DE LONGITUD FIJA--INFORMACIÓN GENERAL
campo de control de longitud fija s2020 dr a|| |||| 0 |a||0|spa d
040 ## - FUENTE DE CATALOGACIÓN
Centro catalogador/agencia de origen DO-SdUA
Lengua de catalogación spa
Centro/agencia transcriptor DO-SdUA
041 0# - CÓDIGO DE IDIOMA
Código de lengua del texto/banda sonora o título independiente spa
092 ## - ASIGNACIÓN LOCAL DE SIGNATURA TOPOGRÁFICA DEWEY (OCLC)
Número de clasificación MA-PPGE 0029 FCE 2020
100 1# - ENTRADA PRINCIPAL--NOMBRE DE PERSONA
Nombre de persona Castillo Antigua, Yaneisy
245 10 - MENCIÓN DEL TÍTULO
Título Estrategias pedagógicas para promover el cuidado personal en los niños y niñas del nivel inicial de la Escuela Primaria María Trinidad Sánchez, del Distrito Educativo 12-01 Higüey 2019-2020 /
Mención de responsabilidad, etc. Yaneisy Castillo Antigua.
260 ## - PUBLICACIÓN, DISTRIBUCIÓN, ETC.
Lugar de publicación, distribución, etc. Higüey :
Nombre del editor, distribuidor, etc. UASD,
Fecha de publicación, distribución, etc. 2020.
300 ## - DESCRIPCIÓN FÍSICA
Extensión viii, 146, [34], h. :
Otras características físicas il.
502 ## - NOTA DE TESIS
Nota de tesis Tesis y trabajo de grado (Maestría en Procesos Pedagógicos y Gestión de la Educación Infantil)-- Universidad Autónoma de Santo Domingo, Higüey, 2020.
504 ## - NOTA DE BIBLIOGRAFÍA, ETC.
Nota de bibliografía, etc. Nota Incluye referencias bibliográficas y anexos.
650 #7 - PUNTO DE ACCESO ADICIONAL DE MATERIA--TÉRMINO DE MATERIA
Fuente del encabezamiento o término lemb
9 (RLIN) 26755
Término de materia o nombre geográfico como elemento de entrada Salud escolar
650 #7 - PUNTO DE ACCESO ADICIONAL DE MATERIA--TÉRMINO DE MATERIA
Fuente del encabezamiento o término lemb
9 (RLIN) 11919
Término de materia o nombre geográfico como elemento de entrada Escolares
Subdivisión general Salud e higiene
650 #7 - PUNTO DE ACCESO ADICIONAL DE MATERIA--TÉRMINO DE MATERIA
Fuente del encabezamiento o término lemb
9 (RLIN) 12631
Término de materia o nombre geográfico como elemento de entrada Estudiantes
Subdivisión general Salud e higiene
830 ## - PUNTO DE ACCESO ADICIONAL DE SERIE-TÍTULO UNIFORME
Título uniforme Tesis y disertaciones académicas (Universidad Autónoma de Santo Domingo)
942 ## - ELEMENTOS DE ENTRADA SECUNDARIOS (KOHA)
Fuente de la clasificación o esquema de estantería
Tipo de ítem Koha
Suprimir en OPAC No

No items available.

© 2024. Todos los Derechos Reservados. Desarrollado por IDEICE